000 00840cam a2200277 i 4500
001 768714001
003 CO-MdBIC
005 20231130142641.0
008 231130t1984 sp ||||| |||| 00| 0 spa d
020 _a84-301-0954-4
040 _bspa.
_aCO-MdFUSB
_cCO-MdFUSB
_dCO-MdFUSBC
_erda
041 _aspa
082 0 4 _aG 231.51 A5531e
100 1 _aAndrade, Bárbara
245 1 0 _aEncuentro con Dios en la historia : Estudio de la concepción de Dios en el pentateuco / Barbara Andrade
_c/
264 1 _aSalamanca, España : Sígueme
_bEdiciones Sígueme,
_c[1984]
264 4 _c©1984
300 _a250 Pag
_c;
336 _atexto
_btxt
_2rdacontent
337 _2rdamedia
_asin mediación
_bn
338 _2rdacarrier
_avolumen
_bnc
650 7 _aDios
_9178
650 0 _aBiblia
_931
_bPentateuco
942 _cBK
945 _ajohan1477
999 _c34516
_d34516